[Event "NEP-ch (Women)"]
[Site "Kathmandu"]
[Date "2023.04.20"]
[Round "4"]
[White "Lohani, Sujana"]
[Black "Shrestha, Riya"]
[Result "1-0"]
[WhiteElo "1743"]
[BlackElo "1134"]
[PlyCount "111"]
[EventDate "2023.04.18"]
[EventType "tourn"]
[EventRounds "9"]
[EventCountry "NEP"]
[SourceTitle "EXT 2024"]
[Source "ChessBase"]
[SourceDate "2023.10.10"]
[SourceVersion "1"]
[SourceVersionDate "2023.10.10"]
[SourceQuality "1"]

1. d4 d5 2. Nf3 Nf6 3. c4 c6 4. g3 Bf5 5. Bg2 Nbd7 6. 0-0 e6 7. b3 Bd6 8. Nc3 0-0 9. Nh4 Bg6 10. Nxg6 hxg6 11. e4 dxe4 12. Nxe4 Nxe4 13. Bxe4 Bc7 14. Bb2 Qf6 15. Qe2 Rad8 16. d5 Be5 17. Bxe5 Qxe5 18. dxc6 Nc5 19. Bf3 Qxe2 20. Bxe2 bxc6 21. Rfd1 Nb7 22. Bf3 Rxd1+ 23. Rxd1 Rd8 24. Rxd8+ Nxd8 25. b4 e5 26. b5 cxb5 27. cxb5 Ne6 28. Bd5 Nc7 29. Bc4 Na8 30. Kf1 Kf8 31. Ke2 Ke7 32. Kd3 Nb6 33. Bb3 f5 34. a4 Kd6 35. a5 Nd7 36. Kc4 g5 37. Bd1 e4 38. Kd4 g4 39. Bb3 Nc5 40. Bd5 Nd7 41. Bg8 Nf6 42. Bf7 Nd7 43. Bg6 Ke6 44. Be8 Nf6 45. Bc6 Kd6 46. Bb7 Kc7 47. Bd5 Kd6 48. Bf7 Nd7 49. Bg6 Ke6 50. Bh7 Nf6 51. b6 axb6 52. a6 Nd5 53. Bg8+ Kd6 54. Bxd5 b5 55. a7 b4 56. a8Q 1-0